000 00418 a2200145 4500
041 _aEng
082 _aCD8247
100 _aRai, Suresh Kumar
245 _aA semantic analysis of English and Thulung Rai verbs.
260 _aMorang:
_bNepal
_c2012
502 _aDissertation
_bDegree in Education
_cSukuna M. C.
650 _aEnglish language
_aEnglish grammar
_aVerbs
653 _aEnglish education
942 _2ddc
_cVM
999 _c68575
_d68561